|
|
|
|
| LEADER |
00000ckm a2200000 a 4500 |
| 001 |
vtls011619809 |
| 003 |
SK-MaSNL |
| 005 |
20260512122856.0 |
| 007 |
kp ao |
| 008 |
230718q1905 xo g kuhun |
| 015 |
|
|
|a SNBG
|
| 035 |
|
|
|a urn:nbn:sk:snk-km00dtsg
|
| 035 |
|
|
|a urn:nbn:sk:snk-km3lu8o
|
| 035 |
|
|
|a 88AD50A9-A579-4C65-94BB-A7B9D5F8031D
|
| 040 |
|
|
|a SNK
|b slo
|c SNK
|e AACR2
|
| 041 |
0 |
|
|a hun
|
| 043 |
|
|
|a e-xo---
|
| 044 |
|
|
|a xo
|c SK
|
| 072 |
|
7 |
|a 908(437)
|x Vlastiveda Česka a Slovenska
|2 konspekt
|
| 080 |
|
|
|a (084.121)
|2 2011
|
| 080 |
|
|
|a 913(437.6-16)
|2 2001
|
| 080 |
|
|
|a 913(437.6)
|2 2011
|
| 080 |
|
|
|a 551.435.4
|2 2011
|
| 080 |
|
|
|a 908(437.6)
|2 2011
|
| 245 |
0 |
0 |
|a Vágbesztercze - Maninszoros
|h grafika
|
| 260 |
|
|
|a [Vágbeszterce?]
|b Blüh Mór
|c [medzi 1905 a 1930?]
|
| 300 |
|
|
|a 1 pohľadnica
|b tónovaná do hneda
|c 14 x 10 cm
|
| 500 |
|
|
|a Názvové údaje prevzaté z obrazovej časti pohľadnice
|
| 520 |
8 |
|
|a Zobrazenie: Pohľad v bielom orámovaní na Manínsku tiesňavu. Vľavo v popredí vedie potok. vpravo v pozadí sú na lúke ľudia. V diaľke vidno vysoké skaly
|
| 650 |
0 |
7 |
|a skalné útvary
|2 SNKPH
|9 115197
|
| 651 |
|
7 |
|a Manínska tiesňava (Súľovské vrchy, Slovensko)
|2 SNKPH
|2 SNKPHgeo
|9 52564
|
| 651 |
|
7 |
|a Považská Bystrica (Slovensko)
|2 SNKPHgeo
|9 28796
|
| 655 |
|
7 |
|a miestne pohľadnice
|2 SNKPH
|9 70510
|
| 655 |
|
7 |
|a geografické pohľadnice
|2 SNKPH
|9 70522
|
| 752 |
|
|
|a Slovensko
|d Považská Bystrica
|
| 852 |
|
|
|a Slovenská národná knižnica
|
| 954 |
|
|
|a pohľadnice pôvodné (slovenské)
|2 lita
|
| 954 |
|
|
|a pohľadnice cudzojazyčné (svetové)
|2 lita
|
| 958 |
|
|
|a OND
|
| 958 |
|
|
|a GBN
|
| 958 |
|
|
|a GC
|
| 958 |
|
|
|a EUIPO
|
| 999 |
|
|
|c 677805
|d 679735
|
| 952 |
|
|
|a SNK
|b SNK
|y PREZ
|7 0
|p 17A1223376
|o snkSP 19683
|0 0
|1 0
|4 0
|d 2017-03-23
|f 1
|l 0
|r 2026-02-23 19:47:16
|w 2026-02-23
|